Vývoj úrovne koncentrácie v slovenskom bankovom sektore

Kvantitatívna analýza stavu a vývoja miery koncentrácie v slovenskom bankovom sektore pomocou Herfindahlovho-Hirschmanovho indexu (HHI). Zhodnotenie stavu a vývoja koncentrácie v slovenskom bankovom sektore v rozmedzí rokov 2008-2017.

Guardado en:
Detalles Bibliográficos
Autor principal: Pčolár, Mário, 1995-
Formato: Capítulo de libro
Lenguaje:eslovaco
Materias:
Etiquetas: Agregar Etiqueta
Sin Etiquetas, Sea el primero en etiquetar este registro!

MARC

LEADER 00000naa$a2200000$$$4500
001 0260607
005 20240502074129.0
041 0 |a slo 
044 |a SK 
245 1 0 |a Vývoj úrovne koncentrácie v slovenskom bankovom sektore  |c Mário Pčolár 
520 |a Kvantitatívna analýza stavu a vývoja miery koncentrácie v slovenskom bankovom sektore pomocou Herfindahlovho-Hirschmanovho indexu (HHI). Zhodnotenie stavu a vývoja koncentrácie v slovenskom bankovom sektore v rozmedzí rokov 2008-2017. 
610 2 0 |a bankovníctvo 
610 2 0 |a koncentrácia 
610 2 0 |a indexy 
610 2 0 |a metódy ekonomicko-matematické 
100 1 |a Pčolár, Mário, 1995-